Città più popolose non Capoluogo Basilicata - Statistics

Statistiche generali
  • Questo quiz è stato fatto 19 volte
    9 dall'ultimo reset
  • Il punteggio medio è 5 su 10
Statistiche sulle risposte
Popolazione Provincia Città % Corretto
17 231 Matera Policoro
86%
17 711 Potenza Melfi
71%
17 832 Matera Pisticci
71%
12 493 Matera Bernalda
57%
13 002 Potenza Lauria
57%
11 946 Potenza Venosa
57%
13 692 Potenza Lavello
29%
13 303 Potenza Rionero in Vulture
29%
11 671 Potenza Avigliano
14%
9 711 Matera Montescaglioso
14%
Nessun quiz corrispondente trovato
Distribuzione punteggi
Percentuale di utenti per punteggio
Percentile per numero di risposta
I tuoi punteggi nel tempo
Non hai fatto questo quiz dall'ultimo reset